000 00460nam a2200181Ia 4500
001 20440
005 20260306172806.0
008 260306t2014||||xx |||||||||||||| ||spa||
041 _aESP
082 _a343.21
_bC34A
100 _aCastillo Córdova, Luis
_eAUT
245 0 _aLos precedentes vinculantes:
_bdel Tribunal Constitucional
260 _c2014
300 _a574 páginas :
_c24 cm.
650 _aGEN
654 _aCDE
942 _cLIB
_dJUS
_fJUS
_2ddc
_n
999 _c20440
_d20440